Dorothy Day : a radical devotion /

Bibliographic Details
Main Author: Coles, Robert
Format: Book
Language:English
Published: Reading, Mass. : Addison-Wesley Pub. Co., [1987]
Series:Radcliffe biography series.
Subjects:

MARC

Tag First Indicator Second Indicator Subfields
LEADER 00000cam a2200000 a 4500
001 in00000014363
005 20151007052209.0
008 870205s1987 mau b 00110beng
010 |a  87000981  
020 |a 0201028298 :  |c $17.95 
035 |a (OCoLC)15223166 
035 |9 AAA6728AM 
040 |a DLC  |c DLC  |d TXA  |d UtOrBLW 
049 |a TXAM  |c [A11034360] 
050 0 0 |a BX4705.D283  |b C65 1987 
082 0 |a 267/.182/0924  |a B  |2 19 
100 1 |a Coles, Robert. 
245 1 0 |a Dorothy Day :  |b a radical devotion /  |c Robert Coles. 
264 1 |a Reading, Mass. :  |b Addison-Wesley Pub. Co.,  |c [1987] 
264 4 |c ©1987 
300 |a xxi, 182 pages ;  |c 24 cm 
336 |a text  |b txt  |2 rdacontent 
337 |a unmediated  |b n  |2 rdamedia 
338 |a volume  |b nc  |2 rdacarrier 
490 1 |a Radcliffe biography series 
500 |a "A Merloyd Lawrence book." 
504 |a Bibliography: pages 171-174. 
500 |a Includes index. 
600 1 0 |a Day, Dorothy,  |d 1897-1980. 
650 0 |a Catholics  |z United States  |v Biography. 
650 0 |a Social reformers  |z United States  |v Biography. 
830 0 |a Radcliffe biography series. 
999 |a MARS 
999 f f |s bd0471b5-f623-3076-848d-8f93b1408f07  |i 49c2e922-30a9-30c2-b8f1-5bdca68c8bb3  |t 0 
952 f f |p normal  |a Texas A&M University  |b College Station  |c Sterling C. Evans Library  |d Evans: Library Stacks  |t 0  |e BX4705.D283 C65 1987  |h Library of Congress classification  |i unmediated -- volume  |m A14811034360 
998 f f |a BX4705.D283 C65 1987  |t 0  |l Evans: Library Stacks